<?xml version="1.0" encoding="UTF-8"?>
<marc:record xmlns:marc="http://www.loc.gov/MARC21/slim">
   <marc:leader>00000nam a2200000 a 4500</marc:leader>
   <marc:datafield ind1="1" ind2=" " tag="100">
      <marc:subfield code="a">Hofmann, Helga</marc:subfield>
      <marc:subfield code="4">aut</marc:subfield>
      <marc:subfield code="e">Verfasser/-in</marc:subfield>
   </marc:datafield>
   <marc:datafield ind1=" " ind2=" " tag="653">
      <marc:subfield code="a">Katzenhaltung</marc:subfield>
   </marc:datafield>
   <marc:datafield ind1=" " ind2=" " tag="653">
      <marc:subfield code="a">appetitlosigkeit bei katzen wie erziehe ich meine katze katzen informationen verhalten katzen</marc:subfield>
   </marc:datafield>
   <marc:datafield ind1=" " ind2=" " tag="653">
      <marc:subfield code="a">katze aggressiv katzenverhalten deuten katzen verhalten deuten katze verhalten hauskatzen haltung schnurrende katze</marc:subfield>
   </marc:datafield>
   <marc:datafield ind1=" " ind2=" " tag="653">
      <marc:subfield code="a">katze markiert katzen und hunde katzen körpersprache verhalten von katzen katzensprache verstehen</marc:subfield>
   </marc:datafield>
   <marc:datafield ind1=" " ind2=" " tag="653">
      <marc:subfield code="a">katzen hauskatze katzensprache hauskatzen katzen verhalten katzen erziehen katzenhaltung katzenerziehung</marc:subfield>
   </marc:datafield>
   <marc:datafield ind1=" " ind2=" " tag="653">
      <marc:subfield code="a">katzen info sprache der katzen infos über katzen katzenverhalten verstehen katzen tipps haus katzen</marc:subfield>
   </marc:datafield>
   <marc:datafield ind1=" " ind2=" " tag="653">
      <marc:subfield code="a">katzenpsychologe katzensprache deuten katzen infos katzen erziehung körpersprache katzen</marc:subfield>
   </marc:datafield>
   <marc:datafield ind1=" " ind2=" " tag="653">
      <marc:subfield code="a">katzenverhalten alles über katzen katze erziehen katzen verstehen katzenpsychologie katzen haltung</marc:subfield>
   </marc:datafield>
   <marc:datafield ind1=" " ind2=" " tag="653">
      <marc:subfield code="a">Softcover / Ratgeber/Natur/Hobbytierhaltung</marc:subfield>
   </marc:datafield>
   <marc:datafield ind1=" " ind2=" " tag="653">
      <marc:subfield code="a">Ratgeber</marc:subfield>
   </marc:datafield>
   <marc:datafield ind1="0" ind2="0" tag="245">
      <marc:subfield code="a">300 Fragen zum Katzenverhalten</marc:subfield>
   </marc:datafield>
   <marc:datafield ind1="0" ind2="0" tag="245">
      <marc:subfield code="c">Helga Hofmann</marc:subfield>
   </marc:datafield>
   <marc:datafield ind1=" " ind2="1" tag="264">
      <marc:subfield code="a">München</marc:subfield>
      <marc:subfield code="b">Gräfe und Unzer Verlag GmbH</marc:subfield>
      <marc:subfield code="c">2016</marc:subfield>
   </marc:datafield>
   <marc:datafield ind1=" " ind2=" " tag="250">
      <marc:subfield code="a">Aktualisierte Neuausgabe, 1. Auflage</marc:subfield>
   </marc:datafield>
   <marc:datafield ind1="1" ind2=" " tag="520">
      <marc:subfield code="a">Angaben aus der Verlagsmeldung

300 Fragen zum Katzenverhalten : Experten-Tipps aus der Praxis / von Helga Hofmann

Wieso halten Katzen den Kopf schief, wenn sie etwas zerbeißen? Und wie schaffen sie es eigentlich, stundenlang und ohne Pause zu schnurren? Die Katze, unser liebstes Heimtier, erscheint uns doch oft wie ein Buch mit sieben Siegeln. Die Katzenexpertin Dr. Helga Hofmann beantwortet in Der große GU Kompass: 300 Fragen zum Katzenverhalten leicht verständlich drängende Fragen rund um das Verhalten der Samtpfoten. So erfährt man alles Wichtige zum Komfort-, Sozial-, Revier-, Fress- und Jagdverhalten sowie zum Sexual-, Spiel- und Lernverhalten. Zudem bietet der Kompass konkrete Hilfestellungen bei Problemen wie Unsauberkeit, Betteln oder Aggression. Damit Sie Ihren Stubentiger und seine Bedürfnisse in Zukunft noch besser verstehen, gibt es zusätzlich viele Tipps zur Ernährung, artgerechten Haltung und Pflege. Darüber hinaus erhalten Sie jede Menge Anregungen für die katzengerechte Wohnung oder geeignetes Spielzeug. Auch ein kleiner Katzen-Sprachkurs trägt zum harmonischen Miteinander bei.
</marc:subfield>
   </marc:datafield>
   <marc:datafield ind1=" " ind2=" " tag="020">
      <marc:subfield code="a">9783833852152</marc:subfield>
      <marc:subfield code="9">9783833852152</marc:subfield>
   </marc:datafield>
   <marc:datafield ind1=" " ind2=" " tag="020">
      <marc:subfield code="a">3833852151</marc:subfield>
      <marc:subfield code="9">3833852151</marc:subfield>
   </marc:datafield>
   <marc:datafield ind1=" " ind2=" " tag="300">
      <marc:subfield code="a">256 Seiten</marc:subfield>
   </marc:datafield>
</marc:record>
